Every EFL Championship Goalscorer (2020/21) - Statistics

General Stats
  • This quiz has been taken 134 times
    74 since last reset
  • The average score is 72 of 349
Answer Stats
Player % Correct
Ivan Toney
87%
Teemu Pukki
82%
Ismaïla Sarr
76%
Naby Sarr
76%
André Ayew
71%
Adam Armstrong
68%
Dominic Solanke
68%
Emiliano Buendía
66%
Michael Smith
66%
Richard Wood
66%
Matt Smith
63%
Tommy Smith
63%
Troy Deeney
63%
Ben Brereton
61%
Sergi Canós
61%
Arnaut Danjuma
58%
Daryl Dike
58%
Daniel Johnson
55%
James Collins
55%
Bradley Johnson
53%
Bryan Mbeumo
53%
Carlton Morris
53%
João Pedro
53%
Kieffer Moore
53%
Marvin Johnson
53%
Nathan Collins
53%
Adebayo Akinfenwa
50%
Jefferson Lerma
50%
Lucas João
50%
Philip Billing
50%
Cauley Woodrow
47%
Lyndon Dykes
47%
Marcus Forss
45%
Todd Cantwell
45%
Harry Wilson
42%
Jed Wallace
42%
Lee Wallace
42%
Lyle Taylor
42%
Murray Wallace
42%
Nahki Wells
42%
Bradley Dack
39%
Connor Roberts
39%
David Brooks
39%
Ilias Chair
39%
Jacob Brown
39%
Lewis Cook
39%
Mathias Jensen
39%
Colin Kazim-Richards
37%
Marc Roberts
37%
Max Aarons
37%
Patrick Roberts
37%
Saman Ghoddos
37%
Sam Gallagher
37%
Alex Mowatt
34%
Andreas Weimann
34%
Andre Gray
34%
Ched Evans
34%
Chris Mepham
34%
Craig Cathcart
34%
Ethan Pinnock
34%
George Evans
34%
Jake Cooper
34%
Michał Helik
34%
Will Hughes
34%
Charlie Austin
32%
Fraizer Campbell
32%
Jay Dasilva
32%
Josh Dasilva
32%
Junior Stanislas
32%
Ken Sema
32%
Michael Olise
32%
Rico Henry
32%
Scott Hogan
32%
Tom Bradshaw
32%
Tom Cleverley
32%
Tyrese Campbell
32%
Vitaly Janelt
32%
Alan Browne
29%
Ashley Fletcher
29%
Britt Assombalonga
29%
Kasey Palmer
29%
Liam Palmer
29%
Matt Grimes
29%
Nick Powell
29%
Romal Palmer
29%
Steven Fletcher
29%
Wayne Rooney
29%
Callum Paterson
26%
Conor Chaplin
26%
Derrick Williams
26%
George Pușcaș
26%
Jamie Paterson
26%
Joe Lolley
26%
Jordan Clark
26%
Juninho Bacuna
26%
Leandro Bacuna
26%
Lewis Grabban
26%
Lukas Jutkiewicz
26%
Marcus Browne
26%
Mario Vrančić
26%
Matty James
26%
Michael Morrison
26%
Sean Morrison
26%
Adam Idah
24%
Callum Styles
24%
Elijah Adebayo
24%
Jordan Rhodes
24%
Martyn Waghorn
24%
Matty Pearson
24%
Oliver Skipp
24%
Sean Maguire
24%
Tyrhys Dolan
24%
Ádám Nagy
21%
Chris Martin
21%
Christian Kabasele
21%
Chris Willock
21%
Diego Rico
21%
Djed Spence
21%
Francisco Sierralta
21%
Glen Rea
21%
Grant Hanley
21%
Harlee Dean
21%
Harvey Elliott
21%
Jamal Lowe
21%
Joe Bennett
21%
Joe Rothwell
21%
Joe Worrall
21%
John Swift
21%
Josh Martin
21%
Kenny McLean
21%
Krystian Bielik
21%
Mads Andersen
21%
Sheyi Ojo
21%
Stefan Johansen
21%
Tom Lawrence
21%
William Troost-Ekong
21%
Yakou Méïté
21%
Barry Bannan
18%
Ben Cabango
18%
Cameron Carter-Vickers
18%
Chuba Akpom
18%
Danny Ward
18%
Duane Holmes
18%
Duncan Watmore
18%
Emiliano Marcondes
18%
Famara Diédhiou
18%
Gustavo Hamer
18%
Harry Toffolo
18%
Jamie Allen
18%
Jason Knight
18%
Joe Jacobson
18%
Joe Ralls
18%
Jón Daði Böðvarsson
18%
Josh Knight
18%
Junior Hoilett
18%
Mason Bennett
18%
Matt Godden
18%
Ovie Ejaria
18%
Paddy McNair
18%
Pelly-Ruddock Mpanzu
18%
Ryan Yates
18%
Scott McKenna
18%
Tomáš Kalas
18%
Tom Barkhuizen
18%
Tyler Walker
18%
Viktor Gyökeres
18%
Aden Flint
16%
Antoine Semenyo
16%
Elliot Lee
16%
Jack Hunt
16%
Jack Stacey
16%
Jake Bidwell
16%
James Bree
16%
James Garner
16%
Jay Fulton
16%
Jérémie Bela
16%
Jonny Howson
16%
Jordan Storey
16%
Josh Murphy
16%
Josh Windass
16%
Kieran Dowell
16%
Lewis Wing
16%
Liam Kelly
16%
Lloyd Kelly
16%
Louie Sibley
16%
Marc Bola
16%
Nathaniel Chalobah
16%
Ryan Ledson
16%
Sam Hutchinson
16%
Sammy Ameobi
16%
Sam Surridge
16%
Shane Long
16%
Shaun Hutchinson
16%
Todd Kane
16%
Adam Masina
13%
Ben Thompson
13%
Ben Wilmot
13%
Brad Potts
13%
Callum O'Dowda
13%
Callum O'Hare
13%
Conor Hourihane
13%
Dael Fry
13%
Dan Gosling
13%
Dan Potts
13%
Emil Riis Jakobsen
13%
Freddie Ladapo
13%
George Saville
13%
Harry Cornick
13%
Iván Sánchez
13%
Jacob Sørensen
13%
James McClean
13%
Jordan Thompson
13%
Josh Koroma
13%
Julian Börner
13%
Kamil Jóźwiak
13%
Kristian Pedersen
13%
Lewis O'Brien
13%
Luke Freeman
13%
Mads Bech Sørensen
13%
Mark Harris
13%
Neeskens Kebano
13%
Riley McGree
13%
Robert Glatzel
13%
Sam Clucas
13%
Tariqe Fosu
13%
Yannick Bolasie
13%
Aaron Rowe
11%
Adam Reach
11%
Alen Halilović
11%
Andy Yiadom
11%
Ben Whiteman
11%
Darnell Fisher
11%
Domingos Quina
11%
Filip Krovinović
11%
Gary Gardner
11%
Glenn Murray
11%
Henrik Dalsgaard
11%
Isaac Mbenza
11%
Isaac Success
11%
Jack Marriott
11%
Jamie Lindsay
11%
Jonathan Hogg
11%
Jordan Hugill
11%
Jordy de Wijs
11%
Kazenga LuaLua
11%
Kenneth Zohore
11%
Liam Lindsay
11%
Macauley Bonne
11%
Marcus Tavernier
11%
Maxime Colin
11%
Osman Kakay
11%
Patrick Bauer
11%
Philip Zinckernagel
11%
Przemysław Płacheta
11%
Rob Dickie
11%
Ryan Giles
11%
Ryan Leonard
11%
Sam Field
11%
Scott Sinclair
11%
Tommy Rowe
11%
Uche Ikpeazu
11%
Victor Adeboyejo
11%
Yan Dhanda
11%
Yuri Ribeiro
11%
Albert Adomah
8%
Andy Rinomhota
8%
Anis Mehmeti
8%
Anthony Knockaert
8%
Curtis Nelson
8%
Dominic Ball
8%
Dominic Hyam
8%
Dominik Frieser
8%
Fred Onyedinma
8%
Grant Hall
8%
Harry Souttar
8%
Jack Wilshere
8%
Jayden Stockley
8%
Josh Coburn
8%
Josh Laurent
8%
Kiernan Dewsbury-Hall
8%
Lee Gregory
8%
Liam Shaw
8%
Loïc Mbe Soh
8%
Luke Berry
8%
Marco Stiepermann
8%
Marlon Pack
8%
Matt Crooks
8%
Morgan Gibbs-White
8%
Morgan Whittaker
8%
Rabbi Matondo
8%
Rodrigo Riquelme
8%
Ryan Tafazolli
8%
Sam Morsy
8%
Stipe Perica
8%
Tom Bayliss
8%
Tyreeq Bakinson
8%
Admiral Muskwe
5%
Alfa Semedo
5%
Billy Mitchell
5%
Bright Osayi-Samuel
5%
Elliot Simões
5%
Garath McCleary
5%
Graeme Shinnie
5%
Jason McCarthy
5%
Kal Naismith
5%
Kyle McFadzean
5%
Lee Tomlin
5%
Leo Østigård
5%
Liam Cullen
5%
Maxime Biamou
5%
Michael Ihiekwe
5%
Rhys Norrington-Davies
5%
Ryan Tunnicliffe
5%
Scott Kashket
5%
Scott Malone
5%
Sone Aluko
5%
Tom McIntyre
5%
Tommy Conway
5%
Will Vaulks
5%
Xavi Quintillà
5%
Yoann Barbet
5%
Zak Vyner
5%
Alex Mighten
3%
Andre Wisdom
3%
Angus MacDonald
3%
Ben Wiles
3%
Carel Eiting
3%
Connor Mahoney
3%
Daniel Barlaser
3%
Danny Batth
3%
David Wheeler
3%
George Edmundson
3%
Greg Cunningham
3%
John Buckley
3%
Jon Toral
3%
Jordan Shipley
3%
Kieran Sadlier
3%
Matt Bloomfield
3%
Nathaniel Mendez-Laing
3%
Pipa
3%
Tom Lees
3%
Anthony Stewart
0%
George Moncur
0%
Jacob Davenport
0%
Louis Britton
0%
Rarmani Edmonds-Green
0%
Sam McCallum
0%
Tomás Esteves
0%
Will Forrester
0%
No matching quizzes found
Score Distribution
Percent of People with Each Score
Percentile by Number Answered
Your Score History
You have not taken this quiz since the last reset